| 000 | 00491nam a2200157Ia 4500 | ||
|---|---|---|---|
| 008 | 210210b2005 xxu||||| |||| 00| 0 eng d | ||
| 020 | _a81 224 1670 5 | ||
| 082 | _a519.2 NATP | ||
| 100 | _aNATARAJAN (A M) and TAMILARASI (A). | ||
| 245 | _aProbability random processes and queueing theory. | ||
| 260 |
_aNew Delhi _bNew Age International (P) Limited, Publishers _c2005 |
||
| 300 | _a466 | ||
| 650 | _aProbability Random Processes Queueing | ||
| 690 | _aProbabilities | ||
| 906 | _a061553 | ||
| 999 |
_c108407 _d108407 |
||